[Event "New Delhi Matrix Cup 4th"]
[Site "New Delhi"]
[Date "2025.01.06"]
[Round "8"]
[White "Gaurav, Nishad"]
[Black "Sharma, Harish1"]
[Result "0-1"]
[WhiteElo "1727"]
[BlackElo "1903"]
[PlyCount "54"]
[EventDate "2025.01.03"]
[EventType "swiss"]
[EventRounds "9"]
[EventCountry "IND"]
[SourceTitle "CB03_2025"]
[SourceDate "2025.01.15"]
[SourceVersion "1"]
[SourceVersionDate "2025.01.15"]
[SourceQuality "1"]

1. Nf3 Nf6 2. d4 d5 3. c4 e6 4. g3 c6 5. Qc2 Ne4 6. Bg2 f5 7. 0-0 Bd6 8. Nfd2 Nf6 9. b3 0-0 10. Bb2 Qe7 11. Nc3 g6 12. f3 f4 13. gxf4 Bxf4 14. Nd1 Qc7 15. h3 Bh2+ 16. Kh1 Nh5 17. f4 Bxf4 18. e4 Ng3+ 19. Kg1 Nxf1 20. Nxf1 Qd8 21. e5 Nd7 22. Bc1 dxc4 23. Bxf4 Rxf4 24. Qd2 Qh4 25. bxc4 Rxd4 26. Qe2 Qf4 27. Nde3 Nxe5 0-1

[Event "New Delhi Skillcraft op 1st"]
[Site "New Delhi"]
[Date "2024.11.17"]
[Round "3"]
[White "Gaurav, Nishad"]
[Black "Kumar, Gaurav"]
[Result "0-1"]
[WhiteElo "1685"]
[BlackElo "2077"]
[PlyCount "121"]
[EventDate "2024.11.16"]
[EventType "swiss"]
[EventRounds "9"]
[EventCountry "IND"]
[SourceTitle "CB47_2024"]
[SourceDate "2024.11.20"]
[SourceVersion "1"]
[SourceVersionDate "2024.11.20"]
[SourceQuality "1"]

1. e4 c5 2. c3 Nf6 3. e5 Nd5 4. d4 cxd4 5. cxd4 d6 6. Nf3 Nc6 7. Bc4 Nb6 8. Bb5 dxe5 9. Nxe5 Bd7 10. Nxd7 Qxd7 11. 0-0 a6 12. Bxc6 Qxc6 13. Nc3 Rd8 14. Be3 g6 15. Qe2 Bg7 16. Rfd1 0-0 17. Rd3 Rd7 18. Rad1 Rfd8 19. h4 h6 20. b3 Nd5 21. Nxd5 Rxd5 22. f4 Qe6 23. Qf3 h5 24. Bf2 Qf5 25. g3 R8d6 26. Kg2 Qd7 27. Qe4 a5 28. R1d2 b5 29. Rc2 Kh7 30. Rcd2 e6 31. Kf3 f5 32. Qe1 Qc6 33. Ke2 b4 34. Qd1 Rb5 35. Rc2 Qe4+ 36. Re3 Qg2 37. Rc7 Kh6 38. Rd3 Rbd5 39. Rc4 Rd7 40. Qf1 Qh2 41. Kf3 e5 42. fxe5 Bxe5 43. Qg2 Qxg2+ 44. Kxg2 f4 45. gxf4 Bxf4 46. Kf3 Rf5 47. Ke2 g5 48. hxg5+ Bxg5 49. Rc5 Re7+ 50. Be3 Rf4 51. Kd2 Rf2+ 52. Ke1 Rxe3+ 53. Kxf2 Rxd3 54. Rxa5 h4 55. a3 bxa3 56. Rxa3 Kh5 57. Ra1 Rg3 58. Rd1 Be3+ 59. Ke2 h3 60. d5 h2 61. d6 0-1